000 00707nam a2200253Ia 4500
003 OSt
005 20221005045613.0
006 a|||||r|||| 00| 0
007 ta
008 221004b |||||||| |||| 00| 0 ben d
020 _a8170795583 (hbk)
024 _a22864
037 _bGift, 14/10/2015,
_cTextual
040 _aCRL
_cCRL
_bben
041 _2ben
_aben
082 _aMY322, 157P2
100 _aHazra Niradbaran
_9593813
245 0 _aDaba khelar sahaj path
260 _aKolkata
_bDey Publishing India
_c2002
300 _a128p.
_ccm.
650 _aBENGALI LITERATURE
942 _hMY322, 157P2
_cTEXL
_2cc
999 _c955362
_d955362